000 00798nas a2200265 4500
001 BR2015000413
003 BR-BrBNA
005 20231205124931.0
007 ta
008 230509b bl.|||p| |||| 00| 00por d
040 _aBR-BrBNA
_bpor
_cBiblioteca Nacional de Agricultura
041 _a(Pt)
072 _aL74; L70
100 1 _aAssis, R. de A.
100 1 _aMartin, C.M.
100 1 _aBabo-Terra, V.J.
245 1 _aMalformações em fetos caninos visibilizadas na ultrassonografia convencional
650 _aCÃO
650 _aFETO
650 _aDISTÚRBIO FISIOLÓGICO
650 _aVETERINÁRIA
773 0 _tA Hora Veterinária (Brazil)
_xISSN 0101-9163
_g(Nov-Dec 2013), v. 33(196) p. 53-57
_wBR2015000413
909 _a202311
_bLúcia
_c55
_dLúcia Elande
942 _2AGRIS
_n0
_cANA
999 _c241694
_d241694